000 00563nam a22002177a 4500
003 UA-OsUOA
001 69250
007 ta
008 20100614b un ||||| |||| 00| 0 ukr d
100 _aКогут О.
090 _a82
_bК57
942 _cSA
040 _aUA-OsUOA
_bukr
_cUA-OsUOA
_dUA-OsUOA
245 _aРиси психологізму в постмодерній драмі
300 _aС.94-103
955 _a0
041 _aukr
080 _a82
773 0 _w69245
650 7 _a82 Література. Літературознавство
_2UDC
999 _c355514
_d355514